Seven grains of rice

Bibliographic Details
Format: Book

MARC

LEADER 00000cam a2200000 7i4500
001 0000007258
002 000007808
005 20051005.0
020 |a 9971640813 
245 1 0 |a Seven grains of rice 
999 |a 0009726   |b BUKU   |c PINJAMAN   |e PERPUSTAKAAN KOMUNITI PETALING JAYA